| 000 | 00442nam a22001577a 4500 | ||
|---|---|---|---|
| 020 | _a0340199415 | ||
| 082 |
_a940.54 _bRYA _cL-30, P-147 |
||
| 100 |
_aRyan, Cornelius _946236 |
||
| 245 |
_aA Bridge too Far _c Cornelius Ryan |
||
| 260 |
_aGreat Britain _bHamish Hamilton Ltd _c1974 |
||
| 300 | _a576 P.: | ||
| 526 |
_a0 _b0 _c0 _d940_540000000000000_RYA |
||
| 526 |
_a0 _b0 _c0 _d940_540000000000000_RYA |
||
| 650 |
_aMCE _9379 |
||
| 942 |
_2ddc _cBK |
||
| 999 |
_c551835 _d551835 |
||